000 01128nam a22002657a 4500
005 20250620084824.0
008 241122b sp |||||||| |||| 00| 0 spa d
020 _a8481741973
050 0 4 _aSF757.8
_bH36 1997
100 1 _aHan, Connie M.
240 1 0 _aPractical guide to diagnostic imaging: radiography and ultrasonography.
_lEspañol
245 1 0 _aDiagnóstico por imagen
_b : guía práctica de radiografía y ecografía
_c / Connie M. Han, Cheryl D. Hurd, Lisa Kurklis ; ilustraciones Les Sealing ; traducción y producción Diorki Servicios Integrales de Edición ; revisión Natalia Díez Bru.
250 _a1a ed.
260 _aMadrid :
_bHarcourt Brace de España,
_c1997.
300 _av, 267 p. :
_bil. ;
_c22 cm.
504 _aIncluye bibliografía, glosario e índice
650 7 _2lemb
_aRadiología veterinaria
650 7 _2lemb
_aUltrasonido en veterinaria
700 1 _aHurd, Cheryl D.,
_eautor
700 1 _aKurklis, Lisa,
_eautor
700 1 _aSealing, Les,
_eilustrador
700 1 _aDíez Bru, Natalia,
_erevisor
710 2 _aDiorki Servicios Integrales de Edición
_etraductor
942 _2lcc
_cLIB
999 _c58795
_d58795